LIBRARY & INFORMATION CENTRE, KCAET, TAVANUR

ONLINE PUBLIC ACCESS CATALOGUE (OPAC)

Food Science / (Record no. 15605)

MARC details
000 -LEADER
fixed length control field 00393cam a2200157ua 4500
003 - CONTROL NUMBER IDENTIFIER
control field OSt
008 - FIXED-LENGTH DATA ELEMENTS--GENERAL INFORMATION
fixed length control field 190520b ||||| |||| 00| 0 eng d
020 ## - INTERNATIONAL STANDARD BOOK NUMBER
ISBN 9789386418890
082 ## - DEWEY DECIMAL CLASSIFICATION NUMBER
Classification number 664.
Item number SRI/FO
100 ## - MAIN ENTRY--AUTHOR NAME
Personal name Srilakshmi, B .
245 ## - TITLE STATEMENT
Title Food Science /
250 ## - EDITION STATEMENT
Edition statement 4 / 5
260 ## - PUBLICATION, DISTRIBUTION, ETC. (IMPRINT)
Place of publication New Delhi :
Name of publisher New Age International Ltd , Publishers
Year of publication 2013
300 ## - PHYSICAL DESCRIPTION
Number of Pages 494 p.
942 ## - ADDED ENTRY ELEMENTS (KOHA)
Koha item type Books
Holdings
Withdrawn status Lost status Damaged status Collection code Home library Current library Shelving location Date acquired Cost, normal purchase price Full call number Accession Number Koha item type
      Non-fiction KAUAET KAUAET General Stacks 20/05/2019 450.00 664. SRI/FO 25845 Books
free website counter